00560nam a2200157 a 450000100100000000500170001000800410002704000250006810000260009324501060011926000420022530000210026749000290028870000560031783000290037300002570320260304085435.0110221s19uu dr 000 0 spa d aDO-SdBNPbspacBNPHU1 aLivio Cedeño, Pedro13aEl modelo económico dominicano /cPedro Livio Cedeño ; prólogo José Francisco Peña Gómez. a[s.l.],cFundación para la Cultura. a169 P. ;c16 cm.1 aPopular Isabel Jiménez1 aPeña Gomez, Jose Francisco ,d1937-1998epról. 0aPopular Isabel Jiménez